| 000 | 00644nam a2200193Ia 4500 | ||
|---|---|---|---|
| 003 | IN-BaIIA | ||
| 008 | 211028s9999 xx 000 0 eng d | ||
| 020 | _a81-88689-78-5 | ||
| 040 | _cIIA Library | ||
| 080 |
_a530.145 _bATK-1 |
||
| 100 |
_aAtkinson, David _930994 |
||
| 245 | 0 |
_aQuantum mechanics _bvol. 1, a self-contained course _cDavid Atkinson and Mahouton Norbert Hounkonnou |
|
| 260 |
_aNew Delhi _bOverseas Press _c2007 |
||
| 300 | _aix, 197p. | ||
| 650 |
_aQuantum field theory _96197 |
||
| 650 |
_aQuantum mechanics-Exercises _930995 |
||
| 700 |
_aMahouton Norbert _930996 |
||
| 942 | _cBK | ||
| 999 |
_c16632 _d16632 |
||